000 00285nam a2200109Ia 4500
008 230907s9999||||xx |||||||||||||| ||und||
082 _a620.00151535
_bLOG
100 _aLogan, Daryl L.
_963772
245 2 _aA first course in finite element method /
300 _apages cm
942 _cBK
999 _c600800
_d600800